Administración escolar: teoría y práctica

Uloženo v:
Podrobná bibliografie
Hlavní autoři: Faber, Charles F (Autor), Shearron, Gilbert F (Autor)
Médium: Kniha
Jazyk:španělština
Vydáno: Madrid Paraninfo 1974
Edice:Biblioteca de Innovación Educativa, 4
Témata:
Tagy: Přidat tag
Žádné tagy, Buďte první, kdo vytvoří štítek k tomuto záznamu!

MARC

LEADER 00000nam a2200000 a 4500
001 UCI9603
003 CL-VaPUC
008 081128e19740000SP |||||||||||||||||spa|d
020 |a 8428305501 
082 0 4 |a 371.2  |b FAB  |2 21 
100 0 |a Faber, Charles F  |e author  |9 533452 
700 0 |a Shearron, Gilbert F  |e author  |9 533453 
245 1 0 |a Administración escolar: teoría y práctica 
300 |a 439 p 
942 |c BK 
945 |d 20081128 00:00:00  |a rbrito 
260 |a Madrid  |b Paraninfo  |c 1974 
650 0 |a Administración de la enseñanza   |9 261034 
650 0 |a Gestión educacional   |9 261035 
650 0 |a Educación básica   |9 224933 
650 0 |a Planificación de la educación   |9 307333 
583 |a last modification  |c 20170504 12:22:45  |k Rodrigo Vera 
490 0 |a Biblioteca de Innovación Educativa, 4 
999 |c 332116  |d 332114 
952 |0 0  |1 0  |4 0  |6 371_200000000000000_FAB_1974  |7 0  |8 P  |9 419498  |a BIBEDU  |b BIBEDU  |c BIBEDU_PB  |d 2019-11-22  |i 4501624  |o 371.2 FAB 1974  |p 4501624  |r 2024-01-25  |w 2019-11-22  |y BK  |k EDI